Comuni del Friuli-Venezia Giulia - PaC edition - Statistics

Statistiche generali
  • Questo quiz è stato fatto 96 volte
  • Il punteggio medio è 55 su 215
Risposte nella Mappa
Le risposte nella mappa del quiz sottostante sono codificate secondo una scala di colori dal rosso al verde in base alla % di persone che hanno risposto correttamente.
 
Statistiche sulle risposte
Risposta % Corretto
Trieste
67%
Monfalcone
58%
Tarvisio
58%
Grado
56%
Lignano Sabbiadoro
56%
Duino - Aurisina
51%
Latisana
51%
Udine
51%
Sappada
47%
Gorizia
44%
Codroipo
42%
Muggia
42%
Pasian di Prato
42%
Cividale del Friuli
40%
Gemona del Friuli
40%
Manzano
40%
Resia
40%
Dignano
38%
Malborghetto - Valbruna
38%
Pramamano
38%
Sedegliano
38%
Spilimbergo
38%
Talmassons
38%
Tavagnacco
38%
Basiliano
36%
Campoformido
36%
Chiusaforte
36%
Cormons
36%
Erto e Casso
36%
Forni Avoltri
36%
Forni di Sotto
36%
Martignacco
36%
Nimis
36%
Pavia di Udine
36%
Pozzuolo del Friuli
36%
San Giorgio di Nogaro
36%
Tarcento
36%
Aviano
33%
Bertiolo
33%
Buia
33%
Fagagna
33%
Flaibano
33%
Maniago
33%
Marano Lagunare
33%
Moggio Udinese
33%
Osoppo
33%
Palmanova
33%
Pinzano al Tagliamento
33%
Pordenone
33%
Precenicco
33%
Reana del Rojale
33%
Sacile
33%
Terzo d'Aquileia
33%
Tramonti di Sopra
33%
Tramonti di Sotto
33%
Barcis
31%
Buttrio
31%
Castions di Strada
31%
Dogna
31%
Forgaria nel Friuli
31%
Lusevera
31%
Majano
31%
Monrupino
31%
Pontebba
31%
Ragogna
31%
Resiutta
31%
Rivignano - Teor
31%
Taipana
31%
Tricesimo
31%
Vajont
31%
Attimis
29%
Claut
29%
Gonars
29%
Lestizza
29%
Morsano al Tagliamento
29%
Mortegliano
29%
Moruzzo
29%
Muzzana del Turgnano
29%
Remanzacco
29%
Rive d'Arcano
29%
San Daniele del Friuli
29%
San Dorligo della Valle - Dolina
29%
Travesio
29%
Vito d'Asio
29%
Camino al Tagliamento
27%
Casarsa della Delizia
27%
Cervignano del Friuli
27%
Cordenons
27%
Fiumicello - Villa Vicentina
27%
Frisanco
27%
Montereale Valcellina
27%
Pagnacco
27%
Palazzolo dello Stella
27%
Povoletto
27%
Premariacco
27%
Preone
27%
Santa Maria la Longa
27%
San Vito al Tagliamento
27%
San Vito di Fagagna
27%
Tolmezzo
27%
Ampezzo
24%
Aquileia
24%
Artegna
24%
Bagnaria Arsa
24%
Cavazzo Carnico
24%
Corno di Rosazzo
24%
Forni di Sopra
24%
Meduno
24%
Montenars
24%
Porcia
24%
Prato Carnico
24%
San Giovanni al Natisone
24%
Sauris
24%
Sgonico
24%
Staranzano
24%
Trasaghis
24%
Trivignano Udinese
24%
Verzegnis
24%
Amaro
22%
Bicinicco
22%
Carlino
22%
Cercivento
22%
Clauzetto
22%
Cordovado
22%
Drenchia
22%
Faedis
22%
Fiume Veneto
22%
Mereto di Tomba
22%
Moimacco
22%
Pasiano di Pordenone
22%
Pocenia
22%
Ravascletto
22%
San Giorgio della Richinvelda
22%
San Martino al Tagliamento
22%
Sequals
22%
Torreano
22%
Valvasone - Arzene
22%
Varmo
22%
Villa Santina
22%
Aiello del Friuli
20%
Arta Terme
20%
Colloredo di Monte Albano
20%
Coseano
20%
Dolegna del Collio
20%
Fontanafredda
20%
Paularo
20%
Pravisdomini
20%
San Vito al Torre
20%
Torviscosa
20%
Villesse
20%
Azzano Decimo
18%
Cimolais
18%
Fogliano - Redipuglia
18%
Magnano in Riviera
18%
Ovaro
18%
Polcenigo
18%
Pulfero
18%
Ronchi dei Legionari
18%
Ronchis
18%
Sagrado
18%
San Canzian d'Isonzo
18%
San Pietro al Natisone
18%
Savogna d'Isonzo
18%
Sesto al Reghena
18%
Sutrio
18%
Treppo Grande
18%
Venzone
18%
Vivaro
18%
Andreis
16%
Caneva
16%
Capriva del Friuli
16%
Comeglians
16%
Fanna
16%
Farra d'Isonzo
16%
Mariano del Friuli
16%
Paluzza
16%
Porpetto
16%
Prepotto
16%
Roveredo in Piano
16%
San Floriano del Collio
16%
Zoppola
16%
Zuglio
16%
Arba
13%
Bordano
13%
Brugnera
13%
Budoia
13%
Castelnovo del Friuli
13%
Chions
13%
Doberdò del Lago
13%
Enemonzo
13%
Grimacco
13%
Lauco
13%
Medea
13%
Raveo
13%
San Leonardo
13%
San Pier d'Isonzo
13%
San Quirino
13%
Savogna
13%
Socchieve
13%
Visco
13%
Cassacco
11%
Cavasso Nuovo
11%
Gradisca d'Isonzo
11%
Mossa
11%
Prata di Pordenone
11%
Rigolato
11%
San Lorenzo Isontino
11%
Stregna
11%
Chiopris - Viscone
9%
Ruda
9%
Treppo Ligosullo
9%
Campolongo - Tapogliano
7%
Romans d'Isonzo
7%
Turriaco
7%
Moraro
4%
Nessun quiz corrispondente trovato
Distribuzione punteggi
Percentuale di utenti per punteggio
Percentile per numero di risposta
I tuoi punteggi nel tempo
Non hai fatto questo quiz